000 00381nam a2200133Ia 4500
008 211105s9999||||xx |||||||||||||| ||und||
082 _aR-RD 348.7293046 R425
084 _b08-00363
100 _aGómez, Manuel Ubaldo
245 0 _aRepertorio alfabético de la jurisprudencia dominicana: sentencias de la Suprema Corte de Justicia
260 _c1987
300 _a4
999 _c15549
_d15549